00666cam a22002057a 4500003000500000005001700005008004100022010001000063011001000073035001000083040000900093100002700102245007800129260002800207300002600235490001500261650004200276711012700318830001500445CHAP20220329135619.0971013s r 00010 d a39329 a40301 a44426 cCHAP00aMonroy Leyva, Eugenio. 0aMétodo para el sistema de teleproceso para los ferrocarriles nacionales a(s.l. :bs.e.),c(s.a.) a74 p.b; mapas diagrs 0aSocs. 26-A14aProcesamiento electrónico de datos.0 aCongreso Latinoamericano sobre la Computación Electrónica en la Enseñanza Profesionaln(1 :d1964 :cMéxico, D.F.)0 aSocs. 26-A